| 000 | 00739nam a2200253Ia 4500 | ||
|---|---|---|---|
| 003 | OSt | ||
| 005 | 20220928113626.0 | ||
| 006 | a|||||r|||| 00| 0 | ||
| 007 | ta | ||
| 008 | 220927b |||||||| |||| 00| 0 eng d | ||
| 020 | _c1170.9034999999999 | ||
| 024 | _a107142 | ||
| 037 |
_b28982, 10/03/2010, Segment Book Distributors _cTextual |
||
| 040 |
_aSDCL _cSDCL _beng |
||
| 041 |
_2eng _aeng |
||
| 082 | _aV5'P, P6 | ||
| 100 |
_aNegri Antonio _9434134 |
||
| 245 | 0 | _aEmpire and beyond. | |
| 260 |
_aCambridge _bPolity Press _c2006 |
||
| 300 |
_avii,239p _ccm. |
||
| 650 | _aPolitical Science | ||
| 942 |
_hV5'P, P6 _cTEXL _2CC |
||
| 999 |
_c750520 _d750520 |
||